| 000 | 01312 a2200241 4500 | ||
|---|---|---|---|
| 003 | Nust | ||
| 005 | 20221115101538.0 | ||
| 010 | _a 2012032572 | ||
| 020 | _a9781466557963 (hardback) | ||
| 040 | _cNust | ||
| 082 | 0 | 0 | _a621.367,SAM |
| 100 | 1 |
_aEl-Samie, Fathi E. Abd. _9102598 |
|
| 245 | 1 | 0 |
_aImage super-resolution and applications / _cFathi E. Abd El-Samie. |
| 300 |
_axiv, 488 pages : _billustrations ; _c24 cm |
||
| 505 | _aIntroduction (Page-1), Polynomial Image Interpolation (Page,5), Adaptive Polynomial Image Interpolation (Page-19), Neural Modeling of Polynomial Image Interpolation (Page-69), Color Image Interpolation (Page-89), Image Interpolation for Pattern Recognition (Page-99), Image Interpolation as Inverse Problem (Page-161), Image Registration (Page-195), Image Fusion (Page-205), Super-Resolution with a Project Information (Page-267), Blind Super –Resolution Reconstruction of Images(Page-293). | ||
| 650 | 0 |
_aCOMPUTERS / Computer Graphics _92866 |
|
| 650 | 0 |
_aImage reconstruction. _9102599 |
|
| 650 | 0 |
_aInterpolation. _9102600 |
|
| 650 | 0 |
_aTECHNOLOGY & ENGINEERING / Imaging Systems _9102601 |
|
| 650 | 0 | _aTelecommunication Engineering | |
| 856 | 4 | 2 |
_3Cover image _uhttp://jacketsearch.tandf.co.uk/common/jackets/covers/websmall/978146655/9781466557963.jpg |
| 942 |
_2ddc _cBK |
||
| 999 |
_c211243 _d211243 |
||